000 00411nam a2200145Ia 4500
008 230917s9999||||xx |||||||||||||| ||und||
040 _e59609
_aMAIN
041 _aEnglish
082 _a327 M823P
100 _aMorgenthan, Hans J
245 0 _aPolitics in the 20th century, V2- The impasse of American foreign policy
260 _aChicago
_bUniversity of Chicago
_c1962
300 _aviii, 311 p.
942 _cBK
999 _c51981
_d51981